000 00972nam a2200277 a 4500
001 000047452
003 DO-SdBNP
005 20260205105316.0
007 ta
008 090903s2018 dr r 000 0 spa d
020 _a9789945477269
040 _aDO-SdBNP
_bspa
_cBNPHU
082 _a347.7293077
_bR426p, 2017
_222
110 1 _aRepública Dominicana.
_bSuprema Corte de Justicia
_97906
245 1 0 _aPrincipales sentencias de la Suprema Corte de Justicia :
_baño 2017 /
_ccompilación Flavia Villegas.
260 _aSanto Domingo :
_bSuprema Corte de Justicia,
_c2018.
300 _a812 p. ;
_c23 cm.
500 _aAño 2017
590 _aInventariado, 2018/VM
650 4 _aJurisprudencia
_zRepública Dominicana
_vRecopilaciones, repertorios, etc.
_919123
650 0 _aCosa juzgada
_982104
650 4 _aSentencias
_zRepública Dominicana
_919124
700 1 _aVillegas, Flavia
_ecomp.
_975085
910 _aValidado. Control de calidad MFF
942 _2ddc
_cLBS1
999 _c46940
_d46940